| 000 | 00776nam a22001337a 4500 | ||
|---|---|---|---|
| 040 | _cRUA | ||
| 082 | _aFOR CHH 2011 B140 Or.1 | ||
| 100 | _aCHHEOUN, SAM. | ||
| 245 | _aStudy on market and value chain of environmental charcoal in sustainable green fuel enterprise in khan meanchey phnom penh city, សិក្សាពីខ្សែចង្វាក់ផលិតកម្ម និងទីផ្សារធ្យូងបរិស្ថាន នៅសហគ្រាសសន្ដិភាពឥន្ធនៈបៃតងមានជ័យរាជធានីភ្នំពេញ | ||
| 260 |
_aPhnom Penh _bRUA _c2011 |
||
| 300 |
_aix; 50p. _bill. _c29cm. |
||
| 856 | _uhttps://drive.google.com/file/d/1oKW-6V6KSYRUxewf8Lmn8hIkAgAaxUcl/view?usp=sharing | ||
| 942 | _cFOR | ||
| 999 |
_c3419 _d3419 |
||